| 000 | 00833nam a22002177a 4500 | ||
|---|---|---|---|
| 999 |
_c9480 _d9480 |
||
| 003 | AR-CdUCM | ||
| 008 | 190328b ||||| |||| 00| 0 spa d | ||
| 040 |
_aMUNICIPALIDAD PROVINCIAL DEL CUSCO _cBIBLIOTECA MUNICIPAL DEL CUSCO |
||
| 082 |
_a631.5 / _bL17 / 1935 |
||
| 100 |
_aLagarde, Juan B. _925697 |
||
| 245 | _aDesinfección poda e injerto de arboles frutales / | ||
| 260 |
_aSantiago de chile : _bCultura, _c1935. |
||
| 300 |
_a159 páginas ; _c19 cm. |
||
| 440 |
_aLibros de utilidad práctica _n13 _925698 |
||
| 505 | _aContenido : Constitución de las plantas -- Organización y funciones de las plantas -- De la forma natural -- Los elementos del podador -- Teoría de la poda ... | ||
| 650 |
_aManejo _922123 |
||
| 650 |
_aPlantas _919530 |
||
| 650 |
_aÁrboles frutales _921091 |
||
| 942 |
_2ddc _cLIBROS |
||
| 945 | _arah | ||